Les Meilleurs buteurs de la Serie A 2024-2025 - Statistiques

Statistiques générales
  • Ce quiz a été pris 3 fois
  • Le résultat moyen est 8 sur 10
Statistiques - réponses
Buts Nationalité Club Joueur % Correct
15 Nigeria Atalanta Bergame Ademola Lookman
100%
12 Argentine Inter Milan Lautaro Martínez
100%
14 France Inter Milan Marcus Thuram
100%
25 Italie Atalanta Bergame Mateo Retegui
100%
14 Belgique SSC Naples Romelu Lukaku
100%
12 Écosse SSC Naples Scott McTominay
100%
19 Italie ACF Fiorentina Moise Kean
67%
15 Italie Bologne FC Riccardo Orsolini
67%
12 Italie Udinese Calcio Lorenzo Lucca
33%
12 Ukraine AS Rome Artem Dowbyk
0%
Aucun quiz correspondant
Distribution des résultats
% des personnes avec chaque résultat
Percentile par nombre de réponses
Votre historique - résultats
Vous n’avez pas pris ce quiz